『大塚愛「さくらんぼ」を野球選手名で歌ってみた』に登場する選手 - Statistics

General Stats
  • This quiz has been taken 19 times
  • The average score is 38 of 195
Answer Stats
動画中での呼称 経歴(NPBのみ) 解答 % Correct
オリックス(12~13)福岡ソフトバンク(14~15) 李大浩
53%
グライシンガー 東京ヤクルト(07)読売(08~11) 千葉ロッテ(12~14) セス・グライシンガー
47%
安達 オリックス(12~24) 安達了一
41%
後藤 読売(88~05) 後藤孝志
41%
伊藤 オリックス(08~18)横浜DeNA(18~) 伊藤光
41%
東北楽天(07~19)東京ヤクルト(20~22) 嶋基宏
41%
広島東洋(95~11)埼玉西武(12~13) 嶋重宣
41%
伊藤 中日(09~20) 伊藤準規
41%
鳥谷 阪神(04~19)千葉ロッテ(20~21) 鳥谷敬
41%
伊藤 ヤクルト(93~03) 伊藤智仁
41%
足立 阪急(59~80) 足立光宏
41%
伊東 西武(82~03) 伊東勤
41%
マテオ 広島東洋(02) ナタナエル・マテオ
35%
小田 読売(98~05)中日(06~14) 小田幸平
35%
久保 読売(03~15) 横浜DeNA(16) 東北楽天(17~20) | 読売(03~15)横浜DeNA(16) 東北楽天(17~20) 久保裕也
35%
阿部 読売(01~19) 阿部慎之助
35%
城島 福岡ダイエー(95~05)阪神(10~12) 城島健司
35%
糸井 北海道日本ハム(04~12)オリックス(13~16) 阪神(17~22) 糸井嘉男
35%
稀哲 日本ハム(99~10)横浜(11~13) 埼玉西武(14~15) 森本稀哲
35%
中島 西武(01~12)オリックス(15~18) 巨人(19~23) 中日(24) 中島裕之
35%
新井 中日(06~10)阪神(11~17) 新井良太
35%
新井 広島東洋(99~07)阪神(08~14) 広島東洋(15~18) 新井貴浩
35%
オリックス(97~06)読売(07~13) オリックス(14~15) 谷佳知
35%
阿部 大阪近鉄(01~04)オリックス(05~09) 埼玉西武(10~12) 阿部真宏
35%
大田 読売(09~16)北海道日本ハム(17~21) 横浜DeNA(22~24) 大田泰示
35%
田尾 中日(76~84)西武(85~86)
阪神(87~91)
田尾安志
35%
マティ・アルー 太平洋(74~76) マティ・アルー
29%
中日(81~96) 郭源治
29%
ロー 福岡ソフトバンク(09) キャメロン・ロー
29%
眞下 横浜(10~14) 眞下貴之
29%
松坂 西武(99~06)福岡ソフトバンク(15~17) 中日(18~19) 埼玉西武(20~21) 松坂大輔
29%
セペダ 読売(14~15) フレデリク・セペダ
29%
後藤武敏 西武(03~11)横浜DeNA(12~18) 後藤武敏
29%
飯田 ヤクルト(87~04)東北楽天(05~06) 飯田哲也
29%
攝津 福岡ソフトバンク(09~13) 攝津正
29%
レイ 東北楽天(13・15~16) ケニー・レイ
29%
江川卓 阪神(79)読売(79~87) 江川卓
29%
阿井 ヤクルト(83~90)ロッテ(91~92) 阿井英二郎
29%
朴賛浩 オリックス(11) 朴賛浩
29%
レイ ヤクルト(91~92) ジョニー・レイ
29%
梶谷 横浜(07~20)読売(21~24) 梶谷隆幸
29%
熊代 埼玉西武(11~22) 熊代聖人
29%
木塚 横浜(00~10) 木塚敦志
29%
秋山 西武(81~93)福岡ダイエー(94~02) 秋山幸二
29%
小松 オリックス(07~16) 小松聖
29%
戸田 広島東洋(12~22) 戸田隆矢
24%
板東 中日(59~69) 板東英二
24%
中日(98~01) 李鍾範
24%
三ツ俣 オリックス(11~14)中日(14~22) 東京ヤクルト(23~24) 三ツ俣大樹
24%
小野 千葉ロッテ(94~13) 小野晋吾
24%
矢野 読売(03~15)北海道日本ハム(16~18) 矢野謙次
24%
千葉ロッテ(07~08) 呉偲佑
24%
オマリー 阪神(91~94)ヤクルト(95~96) トム・オマリー
24%
能見 阪神(05~20)オリックス(21~22) 能見篤史
24%
モーガン 横浜DeNA(13) ナイジャー・モーガン
24%
武田 北海道日本ハム(06~16) 武田勝
24%
ゴメス 阪神(14~16) マウロ・ゴメス
24%
佐藤 阪急(77~98) 佐藤義則
24%
ウッズ 横浜(03~04)中日(05~08) タイロン・ウッズ
24%
野田 阪神(88~92)オリックス(93~00) 野田浩司
24%
縞田 オリックス(12~18) 縞田拓弥
24%
拓也 日本ハム(91~94)広島東洋(95~06) 読売(06~09) 木村拓也
24%
島田 日本ハム(77~90)福岡ダイエー(91) 島田誠
24%
リー ロッテ(77~87) レロン・リー
24%
リー ロッテ(78~82)横浜大洋(83~85) ヤクルト(86~87) レオン・リー
24%
甲藤 福岡ソフトバンク(06~13)オリックス(13~14) 甲藤啓介
24%
リー 北海道日本ハム(05~06) コリー・リー
24%
ウッズ 中日(75~76) ローン・ウッズ
24%
弘寿 ヤクルト(96~11) 石井弘寿
18%
レイノソ 広島東洋(99~00) エジソン・レイノソ
18%
比嘉 オリックス(10~24) 比嘉幹貴
18%
ラズナー 東北楽天(09~13) ダレル・ラズナー
18%
鈴衛 広島東洋(96~06) 鈴衛佑規
18%
鈴江 千葉ロッテ(09~12) 鈴江彬
18%
雄太 中日(05~16) 雄太
18%
牧田 大阪近鉄(01~04) 東北楽天(05~16) 牧田明久
18%
宏典 西武(81~94)福岡ダイエー(95~96) 石毛宏典
18%
槙原 読売(82~01) 槙原寛己
18%
長谷部 東北楽天(08~16) 長谷部康平
18%
甲斐 オリックス(09~12) 甲斐拓哉
18%
西武(05~13) 星秀和
18%
武藤 中日(11~17)横浜DeNA(18~21) 武藤祐太
18%
松中 福岡ダイエー(97~15) 松中信彦
18%
舩木 阪神(96~02)千葉ロッテ(03~04) 舩木聖士
18%
広島東洋(13~18) 辻空
18%
中里篤史 中日(01~09)読売(10~11) 中里篤史
18%
ワトソン 千葉ロッテ(06~07) マット・ワトソン
18%
斉藤和巳 福岡ダイエー(96~10) 斉藤和巳
18%
デヘスス 広島東洋(15) ダニーロ・デヘスス
18%
江夏 阪神(67~75)南海(76~77) 広島東洋(78~80) 日本ハム(81~83) 西武(84) 江夏豊
18%
鞘師 広島東洋(03~10) 鞘師智也
18%
不可止 西日本(50)読売(51~57) 南村侑広
18%
テレーロ 東北楽天(12) ルイス・テレーロ
18%
長谷部 広島(50~56) 長谷部稔
18%
阪神(94~04)東北楽天(10) 藪恵壹
18%
デラロサ 中日(08~09) トマス・デラロサ(トマス・アグラモンテ)
18%
グーリン 福岡ダイエー(04~05) リンゼイ・グーリン
18%
リーゴ ヤクルト(00~02) リーゴ(ロドリゴ宮本)
18%
ベバリン 横浜(06) ジェイソン・ベバリン
18%
遠井 大阪(58~77) 遠井吾郎
18%
平井諒 東京ヤクルト(10~20) 平井諒
18%
ジョンソン 読売(75~76) デービー・ジョンソン
18%
メジャ 中日(14~15) レアンドロ・メジャ
18%
秀太 阪神(95~09) 田中秀太
18%
バレンタイン なし ボビー・バレンタイン
18%
宇野 中日(77~92)千葉ロッテ(93~94) 宇野勝
18%
コーコラン 横浜DeNA(13) ティム・コーコラン
18%
甲斐 阪神(10~12) 甲斐雄平
18%
健太 広島東洋(07~15) 前田健太
18%
読売(05~11)埼玉西武(11~16・19) 星孝典
18%
ミラー 阪神(99~00) カート・ミラー
18%
井生 広島東洋(99~12) 井生崇光
18%
ジョンソン 阪神(99) マーク・ジョンソン
18%
浩俊 北海道日本ハム(10~17)オリックス(18~22) 増井浩俊
18%
明石 福岡ダイエー(04~22) 明石健志
18%
田村勤 阪神(91~00)オリックス(01~02) 田村勤
18%
マイコラス 読売(15~17) マイルズ・マイコラス
18%
ブーマー 阪急(83~91)福岡ダイエー(92) ブーマー・ウェルズ
18%
長嶋 読売(58~74) 長嶋茂雄
18%
バナザード 南海(88~90) トニー・バナザード
12%
ミゲル 広島東洋(13) ミゲル・ソコロビッチ
12%
ジーン・アマーン 阪急(74) ジーン・アマーン
12%
伊達 阪神(01~02)日本ハム(03~05) 読売(05~06) 伊達昌司
12%
大門 横浜大洋(84~93)阪神(94) 大門和彦
12%
キニー 埼玉西武(08) マット・キニー
12%
ミッチェル 福岡ソフトバンク(95) ケビン・ミッチェル
12%
豊田 西武(03~05)読売(06~10) 広島東洋(11) 豊田清
12%
近田怜王 福岡ソフトバンク(09~12) 近田怜王
12%
森徹 中日(58~61)大洋(62~65) 東京(66~68) 森徹
12%
ベン・コズロースキー 広島東洋(08~09) ベン・コズロースキー
12%
ハッカミー ヤクルト(99~00) ジェイソン・ハッカミー
12%
門奈 読売(93~99) 門奈哲寛
12%
マクレーン 西武(01~03・04)広島東洋(09) スコット・マクレーン
12%
ベニー 千葉ロッテ(04~09) ベニー・アグバヤニ
12%
デイモン 東北楽天(05) デイモン・マイナー
12%
マートン 阪神(10~15) マット・マートン
12%
瀬戸 広島東洋(91~04) 瀬戸輝信
12%
橋上 ヤクルト(84~96)日本ハム(97~99) 阪神(00) 橋上秀樹
12%
銚子 横浜大洋(84~91)広島東洋(92~93) 銚子利夫
12%
勝呂 読売(88~91)オリックス(92~96) 近鉄(97~99) 勝呂壽統
12%
奈良 大阪近鉄(00~02) 奈良将史
12%
有原 北海道日本ハム(15~20)福岡ソフトバンク(23~) 有原航平
12%
ダーウィン 阪神(05~07) ダーウィン・クビアン
12%
石本 日本ハム(91~05) 石本努
12%
キーオ 阪神(87~90) マット・キーオ
12%
金城 横浜(99~14)読売(15) 金城龍彦
12%
阿野 読売(70~76) 阿野鉱二
12%
大道 南海(88~06)読売(07~10) 大道典良
12%
ケン・モッカ 中日(82~85) ケン・モッカ
12%
鮎川 阪神(87~96)千葉ロッテ(97~00) 鮎川義文
12%
アシージアン 近鉄(64) チャック・アシージアン
12%
二神 阪神(10~16) 二神一人
12%
白武 広島東洋(83~89)ロッテ(90~95) 広島東洋(96) 白武佳久
12%
ホーナー ヤクルト(87) ボブ・ホーナー
12%
アンダーソン 読売(14~16) レスリー・アンダーソン
12%
ウォーリー 読売(51~60)中日(61~62) 与那嶺要
12%
友利 横浜大洋(87~96)西武(97~02) 横浜(03~04) 中日(06~07) 友利結
12%
阪神(06~16) 鶴直人
12%
野中 阪急(84~89)中日(94~96)
ヤクルト(97~98)
野中徹博
12%
マドリガル 中日(13) ワーナー・マドリガル
12%
ドーマン 広島東洋(09) スコット・ドーマン
12%
ハーパー 横浜(10~11)東北楽天(12) ブレット・ハーパー
12%
チェン・ウェイ 横浜(09~10) 陳瑋
12%
ルー 阪神(08) ルー・フォード
12%
ルー 横浜(00) ルー・メローニ
12%
大隣 福岡ソフトバンク(07~17)千葉ロッテ(18) 大隣憲司
12%
大島 中日(10~) 大島洋平
12%
中尾 中日(81~88)読売(89~92) 西武(92~93) 中尾孝義
12%
ブランボー オリックス(05~06) クリフ・ブランボー
12%
ダービン 福岡ソフトバンク(10) J.D.ダービン
12%
一場 東北楽天(05~08)東京ヤクルト(09~12) 一場靖弘
6%
シピン 横浜大洋(72~77)読売(78~80) ジョン・シピン
6%
佐野 近鉄(91~99)横浜(00) 佐野慈紀
6%
海田 オリックス(12~22) 海田智行
6%
濃人 金鯱(36~37・39~40)大洋軍(41~43) 金星(48) 濃人渉
6%
須永 北海道日本ハム(04~10)読売(11~14) 北海道日本ハム(15~16) 須永英輝
6%
田面 阪神(13~17) 田面巧二郎
6%
北條 阪神(13~23) 北條史也
6%
大宮 日本ハム(77~87)中日(88~89) 西武(90~92) 大宮龍男
6%
ホージー ヤクルト(97~98) ドゥエイン・ホージー
6%
加藤正樹 近鉄(88~95) 加藤正樹
6%
デレオン 福岡ソフトバンク(11) ファン・デレオン
6%
田口 オリックス(92~01・10~11) 田口壮
6%
仁藤 オリックス(07~10) 仁藤拓馬
6%
柿澤 東北楽天(13~16)読売(17~18) 柿澤貴裕
6%
ズーバー 横浜(01) ジョン・ズーバー
6%
ウィルソン 日本ハム(97~01)大阪近鉄(02) ナイジェル・ウィルソン
6%
荻野 千葉ロッテ(10~25) 荻野貴司
6%
ウィルソン 阪神(98) デジ・ウィルソン
6%
荻野 千葉ロッテ(07~14) 荻野忠寛
6%
チェン・ウェイン 中日(04~11)千葉ロッテ(20) 阪神(21~22) 陳偉殷
6%
芦沢 ヤクルト(76~88) 芦沢優
6%
水野 読売(84~96) 水野雄仁
6%
日本ハム(86~90) 沖泰司
6%
No matching quizzes found
Score Distribution
Percent of People with Each Score
Percentile by Number Answered
Your Score History
You have not taken this quiz